[Event "TCh-MNE Prem 2013"]
[Site "Cetinje MNE"]
[Date "2013.06.27"]
[Round "4.1"]
[White "Lajthajm,B"]
[Black "Damljanovic,B"]
[Result "0-1"]
[WhiteElo "2478"]
[BlackElo "2544"]

1.d4 d6 2.e4 Nf6 3.Nc3 e5 4.Nf3 Nbd7 5.Bc4 Be7 6.O-O Nb6 7.Be2 exd4 8.Nxd4 O-O
9.a4 a5 10.Re1 c6 11.Bf4 d5 12.e5 Ne8 13.Bd3 g6 14.Bh6 Ng7 15.f4 Bc5 16.Ne2 f6
17.c3 fxe5 18.fxe5 Bg4 19.Qd2 Re8 20.Qf4 Bf5 21.Bg5 Qc7 22.Bxf5 Nxf5 23.g4 Ng7
24.Bf6 Nd7 25.Ng3 Nxf6 26.Qxf6 Re6 27.Qg5 Rae8 28.Kg2 Rxe5 29.Rxe5 Qxe5 30.Qxe5 Rxe5
31.Nf3 Re7 32.Re1 Ne6 33.Ne2 Bd6 34.Ned4 Nc5 35.Ra1 Nd3 36.Rb1 c5 37.Nb5 Re2+
38.Kf1 Rf2+ 39.Kg1 Bf4 40.Rf1 Rxf1+ 41.Kxf1 Nxb2 42.Ne1 Kf7 43.Ke2 Nxa4 44.h4  0-1

[Event "9th Prague Festival Open A"]
[Site "Prague CZE"]
[Date "2013.06.27"]
[Round "6.17"]
[White "Liuba,Volodymyr"]
[Black "Svedberg,H"]
[Result "1/2-1/2"]
[WhiteElo "2198"]
[BlackElo "2011"]

1.e4 d6 2.d4 Nf6 3.Nc3 e5 4.Nf3 Nbd7 5.g4 h6 6.h3 Be7 7.Be3 c6 8.Qd2 Qc7
9.O-O-O Nf8 10.Rg1 g5 11.Kb1 Ng6 12.dxe5 dxe5 13.Bc4 b5 14.Bb3 Be6 15.h4 Rd8
16.Qe2 Rxd1+ 17.Qxd1 Nxg4 18.Bxe6 Nxe3 19.fxe3 fxe6 20.hxg5 hxg5 21.Nxg5 Bxg5
22.Rxg5 Nf8 23.a3 Rh7 24.Qg4 Rf7 25.Rg8 Qe7 26.Qh5 Qf6 27.Ne2 Ke7 28.Nc1 Kd6
29.Nd3 c5  1/2-1/2

[Event "III Marcel Duchamp Boca Jun Op"]
[Site "Buenos Aires ARG"]
[Date "2013.06.28"]
[Round "8.39"]
[White "Bianchi,Augusto"]
[Black "Lidovsky,Sergio"]
[Result "1-0"]
[WhiteElo "1948"]
[BlackElo "1791"]

1.e4 d6 2.d4 Nf6 3.Nc3 e5 4.dxe5 dxe5 5.Qxd8+ Kxd8 6.Bc4 Ke8 7.Nf3 Nbd7 8.Ng5 Bb4
9.Bxf7+ Ke7 10.Bc4 c6 11.Bd2 h6 12.Nf3 Bxc3 13.Bxc3 Nxe4 14.Bxe5 Nxe5 15.Nxe5 Bf5
16.f3 Nf6 17.O-O-O Rhd8 18.g4 Bh7 19.Rde1 Kf8 20.f4 Be4 21.Rxe4 Nxe4 22.Re1 Rd4
23.Ng6+ Ke8 24.Bd3 Kd7 25.Bxe4 Kc7 26.Bd3 Rd7 27.Bf5 Rf7 28.Be6  1-0

[Event "TCh-MNE Prem 2013"]
[Site "Cetinje MNE"]
[Date "2013.06.28"]
[Round "5.4"]
[White "Saric,Ig"]
[Black "Konjevic,Djordje"]
[Result "1/2-1/2"]
[WhiteElo "2302"]
[BlackElo "2324"]

1.e4 d6 2.d4 Nf6 3.Nc3 e5 4.Nf3 Nbd7 5.Bc4 Be7 6.O-O O-O 7.a4 a5 8.h3 c6
9.Re1 Qc7 10.Bg5 Nb6 11.Bb3 h6 12.Be3 Nfd7 13.Nh2 exd4 14.Bxd4 Bf6 15.Ng4 Bxd4
16.Qxd4 Ne5 17.Nxe5 dxe5 18.Qc5 Nd7 19.Qe7 b6 20.Rad1 Ra7 21.Rd6 Nf6 22.Qxc7 Rxc7
23.Red1 Nd7 24.Bc4 Nc5 25.Kf1 Re8 26.Ke2 Kf8 27.Ke3 Ke7 28.R6d2 Rd7 29.Rxd7+ Bxd7
30.Rd2 Rb8 31.Ba2 f6 32.h4 h5 33.Rd1 g6 34.g3 g5 35.Rh1 g4 36.Rd1 Rf8 37.Bc4 f5
38.exf5 Bxf5 39.Rd2 Bg6 40.Be2 Ne6 41.f3 gxf3 42.Bxf3 Nd4 43.Be4 Bxe4 44.Kxe4 Ke6
45.Ne2 Nf5 46.b3 Nd6+ 47.Ke3 Rf1 48.Rd3 c5 49.Kd2 Nf5 50.Rd8 Nd4 51.Nxd4+ cxd4
52.Rh8 Rf2+ 53.Kd1 Rg2 54.Rxh5 Rxg3 55.Rh6+ Kf5 56.Rxb6 e4 57.h5 Rg1+ 58.Ke2 Rg2+
59.Kd1 Rh2 60.h6 Kf4 61.Rf6+ Ke3 62.Kc1 Ke2 63.Rd6 Rh1+ 64.Kb2 Ke3 65.b4 axb4
66.a5 d3 67.cxd3 exd3 68.a6 d2 69.a7 Rxh6 70.Rxh6 d1=Q 71.Rh3+ Kd4 72.a8=Q  1/2-1/2

[Event "12th ROC Nova Open"]
[Site "Haarlem NED"]
[Date "2013.06.28"]
[Round "1.4"]
[White "Boelhouwer,Collin"]
[Black "Haslinger,S"]
[Result "0-1"]
[WhiteElo "2103"]
[BlackElo "2553"]

1.e4 d6 2.d4 Nf6 3.Nc3 e5 4.Nf3 Nbd7 5.dxe5 dxe5 6.Bc4 Bb4 7.O-O O-O 8.Bg5 Bxc3
9.bxc3 h6 10.Bh4 Qe7 11.Re1 Qc5 12.Qd3 Nh5 13.Bb3 Nf4 14.Qd2 Re8 15.Bg3 Nh5
16.Bh4 Nb6 17.Rad1 a5 18.a4 Bg4 19.Qe3 Qxe3 20.Rxe3 Nf4 21.Bg3 Bxf3 22.Rxf3 Rad8
23.Re1 Ne2+ 24.Kf1 Nxg3+ 25.hxg3 Re7 26.Ke2 Kf8 27.Rd3 Red7 28.Red1 Ke7 29.f4 c5
30.Rxd7+ Rxd7 31.Rxd7+ Kxd7 32.Bxf7 Nxa4 33.Kd3 b5 34.fxe5 Nb2+ 35.Kd2 Nc4+
36.Kc1 Nxe5 37.Bd5 Kd6 38.Kb2 c4 39.Ka3 Nd7 40.Bf7 Nf6 41.Bg6 Ke5 42.Kb2 Nxe4
43.Be8 Nd6 44.Bc6 Kf5 45.Bd7+ Ke4 46.Bc6+ Ke3 47.Kc1 Kf2 48.g4 Kg3 49.Bf3 Kf4  0-1

[Event "21st Montcada Open"]
[Site "Montcada i Reixac ESP"]
[Date "2013.06.28"]
[Round "4.15"]
[White "Satyapragyan,S"]
[Black "Del Rey,D"]
[Result "1/2-1/2"]
[WhiteElo "2464"]
[BlackElo "2376"]

1.e4 d6 2.d4 Nf6 3.Nc3 e5 4.Nge2 Nbd7 5.g3 b5 6.Bg2 Bb7 7.a3 a6 8.O-O Be7
9.h3 O-O 10.Be3 Re8 11.g4 Bf8 12.Ng3 exd4 13.Bxd4 c5 14.Be3 d5 15.exd5 Nb6
16.d6 Bxg2 17.Kxg2 b4 18.axb4 cxb4 19.Bxb6 Qxb6 20.Na4 Qc6+ 21.Qf3 Rac8 22.c3 Bxd6
23.Qxc6 Rxc6 24.Nf5 bxc3 25.Nxd6 Rxd6 26.Nxc3 Rd2 27.Rxa6 Rxb2 28.Ra5 h6
29.Rf5 Rc2  1/2-1/2

[Event "4th ch-Vojvodina Int"]
[Site "Novi Sad SRB"]
[Date "2013.06.28"]
[Round "2.12"]
[White "Andrijevic,M"]
[Black "Milenkovic,Zo"]
[Result "1-0"]
[WhiteElo "2322"]
[BlackElo "2110"]

1.e4 d6 2.d4 Nf6 3.Nc3 c6 4.Nf3 g6 5.Be2 Bg7 6.O-O O-O 7.h3 Nbd7 8.a4 Qc7
9.Re1 a6 10.Bc4 e5 11.dxe5 dxe5 12.a5 b5 13.axb6 Nxb6 14.Bb3 Bb7 15.Na4 Nxa4
16.Rxa4 h6 17.Bd2 c5 18.Ba5 Qe7 19.Nd2 Bc6 20.Ra2 Rfe8 21.Bc4 Qb7 22.Qe2 Kh7
23.Bc3 Nh5 24.g3 Qd7 25.Kh2 Bb5 26.Qe3 Rac8 27.Qf3 Rf8 28.Qe2 f5 29.exf5 Qxf5
30.Bxb5 axb5 31.Ne4 b4 32.Bd2 Qd7 33.Ra6 Nf6 34.Nxf6+ Rxf6 35.Rxf6 Bxf6 36.Be3 c4
37.Qf3 Qc6 38.Qxc6 Rxc6 39.Rd1 g5 40.Rd7+ Kg6 41.Rb7 c3 42.Rxb4 Be7 43.Rb5 Kf5
44.bxc3 Rxc3 45.Bd4 Rc7 46.Rxe5+ Kg6 47.f3 h5 48.Kg2 Kf7 49.f4 gxf4 50.gxf4 h4
51.Kf3 Rc6 52.Rb5 Rg6 53.Bf2 Rf6 54.Bd4 Rg6 55.Rb7 Rg3+ 56.Ke4 Kf8 57.Ke5 Rxh3
58.Ke6 Bd8 59.Rb8 Ke8 60.Bb6 Re3+ 61.Kf5 h3 62.Rxd8+  1-0

[Event "TCh-MNE Prem 2013"]
[Site "Cetinje MNE"]
[Date "2013.06.29"]
[Round "6.2"]
[White "Miladinovic,I"]
[Black "Pikula,D"]
[Result "1/2-1/2"]
[WhiteElo "2556"]
[BlackElo "2482"]

1.d4 d6 2.e4 Nf6 3.Nc3 e5 4.dxe5 dxe5 5.Qxd8+ Kxd8 6.Bg5 Be6 7.O-O-O+ Nd7
8.f4 exf4 9.Nf3 Kc8 10.Bxf4 Bb4 11.Nd5 Bxd5 12.exd5 Bd6 13.Bxd6 cxd6 14.Nd4 Ne5
15.Nf5 Ne8 16.g4 g6 17.Nh6 f6 18.Rd4 Rf8 19.h4 Kd8 20.b3 Rc8 21.Kb2 Rc7 22.a4 a5
23.Be2 Rc5 24.Rf1 Nc7 25.Rfd1 Na6 26.R1d2 Ke7 27.Bxa6 bxa6 28.Rf2  1/2-1/2

[Event "Klatov Open A 2013"]
[Site "Klatovy CZE"]
[Date "2013.06.29"]
[Round "1.6"]
[White "Vlasak,Lu"]
[Black "Zakoucka,A"]
[Result "1-0"]
[WhiteElo "2296"]
[BlackElo "1994"]

1.e4 d6 2.d4 Nf6 3.Nc3 e5 4.Nf3 Nbd7 5.g3 Be7 6.Bg2 O-O 7.O-O c6 8.b3 exd4
9.Nxd4 Nc5 10.Bb2 Re8 11.Re1 Bf8 12.Qd2 a5 13.a3 Ne6 14.Nxe6 Bxe6 15.Rad1 Qc7
16.Ne2 d5 17.Bxf6 gxf6 18.exd5 Bxd5 19.Bxd5 cxd5 20.Nf4 Rxe1+ 21.Rxe1 Bxa3
22.Nxd5 Qd6 23.Qd4 Kf8 24.c4 a4 25.bxa4 Rxa4 26.Qe4 Qe5 27.Qb1 Qb2 28.Qxh7 f5
29.Qh6+  1-0

[Event "Rapid Match"]
[Site "Lillehammer NOR"]
[Date "2013.06.29"]
[Round "4"]
[White "Carlsen,M"]
[Black "Predojevic,B"]
[Result "1/2-1/2"]
[WhiteElo "2864"]
[BlackElo "2616"]

1.e4 d6 2.d4 Nf6 3.Nc3 e5 4.dxe5 dxe5 5.Qxd8+ Kxd8 6.Nf3 Bd6 7.Be3 Nbd7 8.O-O-O a6
9.Bc4 Ke8 10.a4 h6 11.h3 b6 12.Nd2 Bb7 13.f3 Ke7 14.Bb3 c6 15.Nc4 Bc7 16.Bf2 b5
17.Ne3 g6 18.Bh4 Nc5 19.Ng4 g5 20.Bf2 Nxb3+ 21.cxb3 Nxg4 22.hxg4 Bc8 23.Bc5+ Kf6
24.a5 Bxa5 25.Rd6+ Be6 26.b4 Bd8 27.Rxc6 a5 28.bxa5 Bxa5 29.b4 Bd8 30.Kb2 Kg7
31.Nd5 Bf6 32.Rb6 Bxd5 33.exd5 Ra4 34.Rxb5 Rha8 35.Ra5 R4xa5 36.bxa5 Rxa5
37.Rc1 Rb5+ 38.Ka3 Ra5+ 39.Kb3 Rb5+ 40.Kc4 Rb2 41.g3 Rg2 42.Kd3 Rxg3 43.Ke4 Rg2
44.Be3 Ra2 45.d6 Ra4+ 46.Kf5 Ra3 47.Ke4 Ra4+ 48.Kf5 Ra3 49.Ke4  1/2-1/2

[Event "Mukachevo Summer"]
[Site "Mukachevo UKR"]
[Date "2013.06.29"]
[Round "8.5"]
[White "Tiba,V"]
[Black "Nosenko,A"]
[Result "1/2-1/2"]
[WhiteElo "2260"]
[BlackElo "2498"]

1.e4 d6 2.d4 Nf6 3.Nc3 c6 4.f4 Qa5 5.Bd3 e5 6.dxe5 dxe5 7.Nf3 Bg4 8.fxe5 Nfd7
9.e6 Bxe6 10.Ng5 Nf6 11.Bd2 Qc7 12.Nxe6 fxe6 13.Qf3 Nbd7 14.Qh3 Qe5 15.O-O-O O-O-O
16.Rhf1 g5 17.Qe3 h6 18.Qxa7 Qxh2 19.Na4 Qb8 20.Qa5 Bg7 21.Bb4 Qc7 22.Qa8+ Qb8
23.Qa5 Rhe8 24.Be2 Qc7 25.Qa8+ Qb8 26.Qa5 Qc7 27.Qa8+ Qb8 28.Qa5  1/2-1/2

[Event "4th ch-Vojvodina Int"]
[Site "Novi Sad SRB"]
[Date "2013.06.29"]
[Round "3.9"]
[White "Ujhazi,I"]
[Black "Ostovic,M"]
[Result "1/2-1/2"]
[WhiteElo "2214"]
[BlackElo "2316"]

1.e4 d6 2.d4 Nf6 3.Nc3 Nbd7 4.Nf3 e5 5.Be2 Be7 6.O-O O-O 7.h3 c6 8.Be3 b5
9.g3 Bb7 10.dxe5 dxe5 11.Nd2 Qc7 12.Bf3 a5 13.Ne2 Rfd8 14.c4 Nc5 15.Qc2 Rac8
16.Rfd1 Qb8 17.Nb3 Nxb3 18.Qxb3 a4 19.Qc2 Nd7  1/2-1/2

[Event "66th ch-RUS HL"]
[Site "Yekaterinburg RUS"]
[Date "2013.06.29"]
[Round "9.23"]
[White "Sek,K"]
[Black "Khegay,D"]
[Result "0-1"]
[WhiteElo "2463"]
[BlackElo "2349"]

1.e4 d6 2.d4 Nf6 3.Nc3 e5 4.Nge2 Be7 5.g3 O-O 6.Bg2 c6 7.a4 a5 8.O-O Na6
9.h3 Nb4 10.f4 Be6 11.Be3 Bc4 12.Rf2 Re8 13.g4 exd4 14.Nxd4 d5 15.e5 Nd7
16.Nf5 Bf8 17.b3 Ba6 18.g5 Nc5 19.Qg4 Ne6 20.Rd1 Qc7 21.Rfd2 Rad8 22.Ne2 Na2
23.Neg3 Nc3 24.Re1 b5 25.Bf1 Bc8 26.Qh4 Nc5 27.axb5 cxb5 28.Nd4 N5e4 29.Nxe4 Nxe4
30.Rg2 Bc5 31.Rd1 Nc3 32.Rd3 b4 33.Kh2 Ba6 34.Rxc3 Bxf1 35.Nb5 Qb7 36.Rxc5 d4
37.Rg1 Bxb5 38.Bf2 Qb6 39.Rxb5 Qxb5 40.Rg2 d3 41.cxd3 Rxd3 42.Qg4 Rxb3 43.Bg3 Qd5
44.h4 Rd3 45.h5 Rd2 46.Bf2 Qe4 47.Qh4 g6  0-1

[Event "4th Kiryat Ono Open A"]
[Site "Kiryat Ono ISR"]
[Date "2013.06.30"]
[Round "1.20"]
[White "Yerushalmi,Eran"]
[Black "Philosoph,A"]
[Result "0-1"]
[WhiteElo "1803"]
[BlackElo "2004"]

1.e4 d6 2.d4 Nf6 3.Nc3 e5 4.Nf3 Nbd7 5.Bc4 Be7 6.Bxf7+ Kxf7 7.Ng5+ Kg8 8.Ne6 Qe8
9.Nxc7 Qg6 10.Nxa8 Qxg2 11.Rf1 exd4 12.Nb5 Ne5 13.Nxd4 Bg4 14.f3 Nxe4 15.Qe2 Bh4+
16.Kd1 Nf2+ 17.Rxf2 Bxf2 18.fxg4 Qg1+ 19.Kd2 Be3+ 20.Kc3 Bxd4+ 21.Kb3 Kf7
22.Qe4 Qxg4 23.Qxb7+ Kg6 24.c3 Qd1+ 25.Ka3 Bc5+  0-1

[Event "8th Vladimir Dvorkovich Cup"]
[Site "Moscow RUS"]
[Date "2013.06.30"]
[Round "5.13"]
[White "Gajek,R"]
[Black "Filipets,Egor"]
[Result "1-0"]
[WhiteElo "2296"]
[BlackElo "2076"]

1.e4 d6 2.d4 Nf6 3.Nc3 Nbd7 4.g4 h6 5.h3 e5 6.Nge2 c6 7.Bg2 b5 8.Ng3 Qc7
9.O-O Nb6 10.f4 b4 11.Nce2 Be6 12.Nf5 O-O-O 13.Ne3 d5 14.exd5 exd4 15.Nxd4 Bxd5
16.Nxd5 Nfxd5 17.Kh1 Bc5 18.Qd3 Rhe8 19.Nb3 Bd6 20.Bd2 Kb8 21.Na5 h5 22.gxh5 Rh8
23.c4 bxc3 24.bxc3 Rxh5 25.c4 Ne7 26.Rae1 Rxa5 27.Bxa5 Bb4 28.Rxe7 Bxe7 29.Qe3 c5
30.Qe4 f5 31.Qxf5 Bf6 32.Rb1 Rd4 33.Re1 Qd7 34.Qxc5 Rxc4 35.Qe3 Kc7 36.Qf3 Kd8
37.Qb3 Rc6 38.Qg8+ Kc7 39.Qa8 Bd4 40.Qxa7+ Kd6 41.Bb4+ Bc5 42.Rd1+  1-0

[Event "8th Vladimir Dvorkovich Cup"]
[Site "Moscow RUS"]
[Date "2013.06.30"]
[Round "5.4"]
[White "Rodionova,Polina"]
[Black "Bezkorovaina,M"]
[Result "1/2-1/2"]
[WhiteElo "2146"]
[BlackElo "2045"]

1.e4 d6 2.d4 Nf6 3.Nc3 e5 4.Nf3 Nbd7 5.Bc4 Be7 6.O-O O-O 7.Re1 c6 8.a4 b6
9.Bg5 a6 10.Bxf6 Bxf6 11.d5 c5 12.Bf1 g6 13.Nd2 Bg7 14.Nc4 Qe7 15.Rb1 f5
16.b4 Rf6 17.Rb3 b5 18.axb5 axb5 19.Nxb5 cxb4 20.Rxb4 fxe4 21.Nc3 Nc5 22.Nb6 Rb8
23.Nxc8 Rxc8 24.Nxe4 Nxe4 25.Rexe4 Qa7 26.Re2 Rcf8 27.Qe1 Qc5 28.c4 e4 29.Rb5 Qd4
30.Rb1 Qxc4 31.Rxe4 Qc5 32.Qe3 Qc2 33.Bd3 Qxf2+ 34.Qxf2 Rxf2 35.Rf1 Rxf1+
36.Bxf1 Be5 37.g3  1/2-1/2

[Event "11th Niki Open 2013"]
[Site "Nachod CZE"]
[Date "2013.06.30"]
[Round "2.4"]
[White "Kozusek,Daniel"]
[Black "Voloshin,L"]
[Result "0-1"]
[WhiteElo "2055"]
[BlackElo "2427"]

1.e4 d6 2.d4 Nf6 3.Nc3 e5 4.Nf3 Nbd7 5.g4 g6 6.g5 Nh5 7.Be3 Bg7 8.Be2 O-O
9.Qd2 c6 10.O-O-O Qa5 11.dxe5 dxe5 12.Kb1 Re8 13.h4 Nc5 14.a3 Ne6 15.Ne1 Nd4
16.Bxh5 gxh5 17.Ne2 Qxd2 18.Rxd2 Nxe2 19.Rxe2 Be6 20.f3 Rad8 21.Nd3 b6 22.Rd2 c5
23.Rhd1 Rd7 24.Kc1 Red8 25.Nf2 Rxd2 26.Rxd2 Rxd2 27.Kxd2 f6 28.Nh1 Kf7 29.Ng3 Kg6
30.c3 a5 31.f4 f5 32.exf5+ Bxf5 33.fxe5 Bxe5 34.Ne2 Bg4 35.b4 Bxe2 36.Kxe2 axb4
37.cxb4 cxb4 38.axb4 b5 39.Kf3 Bc3 40.Bc5 Be1 41.Ke4 Bxh4 42.Kd5 Bg3 43.Kc6 h4  0-1

[Event "Opatija Open A 2013"]
[Site "Opatija CRO"]
[Date "2013.06.30"]
[Round "2.2"]
[White "Brcar,An"]
[Black "Bosiocic,Mari"]
[Result "0-1"]
[WhiteElo "2066"]
[BlackElo "2556"]

1.e4 d6 2.d4 Nf6 3.Nc3 e5 4.Nf3 Nbd7 5.Bc4 Be7 6.O-O Nb6 7.Be2 exd4 8.Nxd4 O-O
9.f4 Re8 10.Bf3 Bf8 11.Re1 c6 12.Kh1 g6 13.h3 Bg7 14.Nb3 h5 15.Qd3 Ng4 16.Be3 Nxe3
17.Rxe3 Qh4 18.Rf1 Qxf4 19.Bxh5 Qh6 20.Bd1 Be6 21.Na5 Rad8 22.Rfe1 Rd7 23.Qf1 Qg5
24.b4 Rde7 25.a3 Bc8 26.Qf3 d5 27.Qg3 Qxg3 28.Rxg3 dxe4 29.Ne2 Be5 30.Re3 f5
31.g3 Be6 32.Nf4 Bxf4 33.gxf4 Rh7 34.Rf1 Kg7 35.Be2 Kf6 36.Nb3 Reh8 37.Kg2 Nd5
38.Rg3 Rh4 39.Nc5 Nxf4+ 40.Rxf4 Rxf4 41.Nxe6 Kxe6 42.Rxg6+ Ke5 43.Rg7 Rfh4
44.Rxb7 Rxh3 45.Rxa7 Rh2+  0-1

[Event "TCh-MNE Prem 2013"]
[Site "Cetinje MNE"]
[Date "2013.07.01"]
[Round "8.2"]
[White "Kovacevic,A"]
[Black "Indjic,A"]
[Result "0-1"]
[WhiteElo "2557"]
[BlackElo "2536"]

1.e4 d6 2.d4 Nf6 3.Nc3 e5 4.Nf3 Nbd7 5.Bc4 Be7 6.O-O O-O 7.a4 c6 8.Re1 exd4
9.Nxd4 Ne5 10.Bf1 Re8 11.h3 Qa5 12.Bf4 Bf8 13.Qd2 Bd7 14.Kh1 h6 15.Nd5 Qd8
16.Nxf6+ Qxf6 17.Bh2 g5 18.c3 Rad8 19.Re3 Bc8 20.Rae1 Bg7 21.Qc2 Re7 22.Bg3 Rde8
23.Rd1 a6 24.a5 h5 25.c4 Ng6 26.b3 Nf4 27.Ne2 h4 28.Bh2 Re5 29.b4 Bh6 30.Nxf4 gxf4
31.Red3 Rxe4 32.Rxd6 Qg5 33.f3 Re3 34.Bg1 Bf8 35.Bxe3 fxe3 36.R6d4 Bxb4 37.Re4 Rf8
38.Rdd4 f5 39.Rxh4 Rf7 40.g4 Qxh4  0-1

[Event "4th AIMAG Men"]
[Site "Incheon KOR"]
[Date "2013.07.01"]
[Round "2.6"]
[White "Goh Weiming"]
[Black "Dzhumaev,M"]
[Result "0-1"]
[WhiteElo "2441"]
[BlackElo "2553"]

1.e4 d6 2.d4 Nf6 3.Nc3 e5 4.Nf3 Nbd7 5.Bc4 Be7 6.O-O O-O 7.a4 a6 8.a5 exd4
9.Nxd4 Ne5 10.Ba2 Nc6 11.Bc4 Re8 12.Re1 Ng4 13.Nf5 Bxf5 14.exf5 Nf6 15.f4 Qd7
16.Nd5 Nxd5 17.Qxd5 Bf6 18.Bd2 h5 19.c3 Rxe1+ 20.Rxe1 Rf8 21.b4 h4 22.g4 hxg3
23.hxg3 Nd8 24.Qe4 c6 25.Bd3 d5 26.Qe2 c5 27.bxc5 Qc7 28.Kg2 d4 29.Qh5 dxc3
30.Bc1 Qc6+ 31.Be4 Qa4 32.Bd5 Re8 33.Rh1 Qc2+ 34.Kh3 Qe2 35.Bf3 Qd3 36.Kg2 Qc2+
37.Kh3 g6 38.fxg6 Qxg6 39.Qxg6+ fxg6 40.Rd1 Nc6 41.Rd6 Kf7 42.Bd5+ Kg7 43.Rd7+ Re7
44.Rxe7+ Bxe7 45.Be3 Bf6 46.Kg4 Nxa5 47.Kf3 Nc6 48.Ke2 a5 49.Kd3 Nb4+ 50.Kc4 Nxd5
51.Kxd5 c2  0-1

[Event "4th AIMAG Men"]
[Site "Incheon KOR"]
[Date "2013.07.01"]
[Round "3.22"]
[White "Ahmed,As"]
[Black "Bassel,C"]
[Result "0-1"]
[WhiteElo "1837"]
[BlackElo "2055"]

1.e4 d6 2.d4 Nf6 3.Nc3 e5 4.dxe5 dxe5 5.Qxd8+ Kxd8 6.Bc4 Bb4 7.Bd2 Ke7 8.a3 Bd6
9.Nge2 c6 10.f4 b5 11.Bb3 Nbd7 12.fxe5 Nxe5 13.Nd4 Rd8 14.Bf4 Bc5 15.Bxe5 Bxd4
16.Bxf6+ Bxf6 17.O-O Bd4+ 18.Kh1 f6 19.Nd1 Be6 20.Bxe6 Kxe6 21.c3 Bb6 22.a4 Rd2
23.a5 Bc7 24.Rf2 Rad8 25.Rxd2 Rxd2 26.Kg1 a6 27.b4 Bb8 28.Rc1 Re2 29.Kf1 Rxe4
30.Nf2 Rc4 31.Nd3 Bd6 32.g3 c5 33.Nb2 Re4 34.c4 cxb4 35.cxb5 axb5 36.a6 Kd7
37.Ra1 Re8 38.Ra5 Kc6 39.a7 Ra8 40.Ra6+ Kd5 41.Nd3 b3 42.Rb6 Rxa7 43.Rxb5+ Kc4
44.Rb6 Be5 45.Ke2 Ra2+ 46.Kf3 Kxd3 47.Rxb3+ Kc4 48.Rb7 f5 49.Rf7 Bf6 50.h3 Kd5
51.Rb7 Rh2 52.h4 Ke6 53.Rb6+ Kf7 54.Rb5 Kg6 55.Rd5 h5 56.Rb5 Ra2 57.Rb6 Kh7
58.Rb5 g6 59.Rd5 Kh6 60.Rb5 Bc3 61.Rb3 Be1 62.Kf4 Rg2 63.Ra3 Bxg3+ 64.Rxg3 Rxg3
65.Kxg3 g5  0-1

[Event "21st Montcada Open"]
[Site "Montcada i Reixac ESP"]
[Date "2013.07.01"]
[Round "7.20"]
[White "Vehi Bach,V"]
[Black "Valdes,Le"]
[Result "0-1"]
[WhiteElo "2321"]
[BlackElo "2436"]

1.e4 d6 2.d4 Nf6 3.Nc3 e5 4.Nf3 exd4 5.Nxd4 Be7 6.Qf3 Nbd7 7.Be2 Ne5 8.Qg3 c6
9.h3 Qa5 10.Nb3 Qc7 11.Be3 b5 12.a3 a6 13.O-O O-O 14.Nd2 Bb7 15.f4 Ned7 16.Bf3 Rfe8
17.Qf2 c5 18.g4 b4 19.axb4 cxb4 20.Na2 Bf8 21.Nxb4 d5 22.c3 Nxe4 23.Nxe4 dxe4
24.Bg2 Nc5 25.Rfd1 Rad8 26.Rxd8 Rxd8 27.Nc2 Nd3 28.Bb6 Nxf2 29.Bxc7 Rd2 30.Nd4 Rxb2
31.Re1 Bc5 32.Kf1 Nd3 33.Ra1 Bxd4 34.cxd4 e3 35.Bxb7 e2+  0-1

[Event "21st Montcada Open"]
[Site "Montcada i Reixac ESP"]
[Date "2013.07.01"]
[Round "7.17"]
[White "Kjartansson,G"]
[Black "Del Rey,D"]
[Result "1-0"]
[WhiteElo "2453"]
[BlackElo "2376"]

1.e4 d6 2.d4 Nf6 3.Nc3 Nbd7 4.Nf3 e5 5.Bc4 Be7 6.O-O exd4 7.Qxd4 Nb6 8.Bb3 O-O
9.h3 a5 10.a4 Nbd7 11.Be3 Nc5 12.Qd2 Nxb3 13.cxb3 c5 14.Rad1 Be6 15.Qc2 Rc8
16.Nb5 d5 17.exd5 Nxd5 18.Qe4 Nf6 19.Qxb7 Bd5 20.Qa7 Ra8 21.Qc7 Qxc7 22.Nxc7 Bxb3
23.Nxa8 Bxd1 24.Rxd1 Rxa8 25.Ne5 Ra6 26.Rc1 Ne4 27.f3 Re6 28.Nc4 Ng3 29.Rc2 h5
30.Bf2 h4 31.Bxg3 hxg3 32.Kf1 Ra6 33.Re2 Ra7 34.Re5 f6 35.Re3 g5 36.Ke2 Kf7
37.f4 gxf4 38.Rd3 Bf8 39.Kf3 Bh6 40.Rd5 Re7 41.Rxc5 Re1 42.Nd6+ Kg6 43.Nf5 Rf1+
44.Kg4 Rf2 45.Rc7  1-0

[Event "8th Vladimir Dvorkovich Cup"]
[Site "Moscow RUS"]
[Date "2013.07.01"]
[Round "6.13"]
[White "Bortnik,A"]
[Black "Nuri,M"]
[Result "1/2-1/2"]
[WhiteElo "2414"]
[BlackElo "2179"]

1.e4 d6 2.d4 Nf6 3.Nc3 e5 4.Nf3 Nbd7 5.Bc4 Be7 6.O-O O-O 7.a4 a6 8.h3 h6
9.Be3 exd4 10.Nxd4 Ne5 11.Ba2 c5 12.Nf5 Bxf5 13.exf5 Qd7 14.f4 Nc6 15.g4 Rfe8
16.Bf2 Nb4 17.Bb3 b5 18.g5 c4 19.gxf6 Bxf6 20.Ba2 Qxf5 21.Bb1 Qxh3 22.Ra3 Nd3
23.cxd3 b4 24.Ra2 Bd4  1/2-1/2

[Event "11th Niki Open 2013"]
[Site "Nachod CZE"]
[Date "2013.07.01"]
[Round "3.10"]
[White "Novotny,M1"]
[Black "Malaniuk,V"]
[Result "0-1"]
[WhiteElo "2293"]
[BlackElo "2529"]

1.e4 d6 2.d4 Nf6 3.Nc3 e5 4.Nf3 Nbd7 5.Bc4 Be7 6.a4 O-O 7.O-O a5 8.Re1 c6
9.h3 Nb6 10.Ba2 Nfd7 11.Be3 exd4 12.Bxd4 Nc5 13.Bxc5 dxc5 14.Qe2 Qd6 15.Rad1 Qg6
16.Ne5 Qg5 17.f4 Qxf4 18.Nxf7 c4 19.Rf1 Qg3 20.Bxc4 Bxh3 21.Nd8+ Kh8 22.Rxf8+ Bxf8
23.Nf7+ Kg8 24.Ng5+ Kh8 25.Nxh3 Bc5+ 26.Kh1 Nxc4 27.Qxc4 Bd6 28.Rxd6 Qxd6
29.Qe2 Qb4 30.Qd2 Qxb2 31.e5 Qb4 32.Nf4 Qe7 33.Qe3 Re8 34.Nd3 Qh4+ 35.Kg1 Qc4
36.Ne4 Qxc2 37.Nd6 Qd1+ 38.Qe1 Qxe1+ 39.Nxe1 Re7 40.Nd3 Kg8 41.Kf2 b5 42.axb5 cxb5
43.Nxb5 a4 44.Ke3 Rb7 45.Nc3 a3 46.Kd4 Ra7 47.Nb4 Kf7 48.Kd5 Rd7+ 49.Kc6 Rd2  0-1

[Event "TCh-MNE Prem 2013"]
[Site "Cetinje MNE"]
[Date "2013.07.02"]
[Round "9.5"]
[White "Podlesnik,B"]
[Black "Maric,B"]
[Result "1-0"]
[WhiteElo "2381"]
[BlackElo "2230"]

1.e4 d6 2.d4 Nf6 3.Nc3 e5 4.Nf3 Nbd7 5.Bc4 Be7 6.O-O O-O 7.Re1 Nb6 8.Bf1 exd4
9.Nxd4 Nfd7 10.a4 a5 11.f4 Bf6 12.b3 Re8 13.g3 Nc5 14.Bg2 Bg4 15.Qd2 Qd7
16.Bb2 Na6 17.Rab1 Nb4 18.Nd1 c5 19.Nb5 Bxb2 20.Rxb2 d5 21.Nf2 f5 22.c3 Na6
23.Nxg4 fxg4 24.exd5 c4 25.Rxe8+ Rxe8 26.Qf2 Qd8 27.bxc4 Nxa4 28.Re2 Rxe2
29.Qxe2 N4c5 30.d6 a4 31.Bd5+ Kf8 32.Qxg4 g6 33.Qe2 Qf6 34.Qe5 Kg7 35.Qe7+ Qxe7
36.dxe7  1-0

[Event "TCh-MNE Prem 2013"]
[Site "Cetinje MNE"]
[Date "2013.07.02"]
[Round "9.4"]
[White "Lekic,L"]
[Black "Konjevic,Djordje"]
[Result "0-1"]
[WhiteElo "2037"]
[BlackElo "2324"]

1.e4 d6 2.d4 Nf6 3.Nc3 e5 4.Nf3 Nbd7 5.Bc4 Be7 6.O-O O-O 7.Re1 c6 8.a4 a5
9.b3 Qc7 10.h3 Nb6 11.Bf1 Re8 12.Ba3 Bd7 13.Qd3 Rad8 14.Rad1 Bc8 15.Qe3 exd4
16.Nxd4 Bf8 17.Qg5 Re5 18.Qg3 Rde8 19.Bd3 Nbd5 20.f4 Nxc3 21.fxe5 dxe5 22.Bxf8 Kxf8
23.Nf3 Nxd1 24.Rxd1 h6 25.Kh2 Qd6 26.Rf1 Bd7 27.Nh4 Qd4 28.Rf5 Qc3 29.Rf3 Qd2
30.Nf5 Nh5 31.Qh4 Nf4 32.Rf2 Qb4 33.Bc4 Bxf5 34.exf5 b5 35.f6 bxc4 36.fxg7+ Kxg7
37.g3 cxb3 38.gxf4 b2 39.Qg3+ Kf8 40.c3 exf4 41.Qh4 Qd6 42.Rxb2 f3+ 43.Qg3 Re2+  0-1

[Event "4th Kiryat Ono Open A"]
[Site "Kiryat Ono ISR"]
[Date "2013.07.02"]
[Round "3.14"]
[White "Kraus,Yair"]
[Black "Gamayev,O"]
[Result "1-0"]
[WhiteElo "1978"]
[BlackElo "2172"]

1.d4 d6 2.e4 Nf6 3.Nc3 e5 4.Nf3 exd4 5.Nxd4 c6 6.Bf4 Nbd7 7.Qd2 Ne5 8.O-O-O Be7
9.f3 Qc7 10.Kb1 Rb8 11.g4 b5 12.Nf5 Bxf5 13.gxf5 Nxf3 14.Qg2 Ne5 15.Qxg7 Rg8
16.Qh6 b4 17.Na4 Rb5 18.Bd3 Ra5 19.b3 Neg4 20.Qh4 Rxa4 21.bxa4 Nd5 22.Qxh7 Nc3+
23.Kc1 Nf6 24.Qh3 Nxd1 25.Rxd1 Qa5 26.Bc4 Qxa4 27.Bxd6 Bxd6 28.Rxd6 Rg1+
29.Kb2 Qa5 30.Qh8+ Ng8 31.Rd3 f6 32.Qh5+  1-0

[Event "8th Vladimir Dvorkovich Cup"]
[Site "Moscow RUS"]
[Date "2013.07.02"]
[Round "7.2"]
[White "Golubov,Saveliy"]
[Black "Zeynalli,Miradil"]
[Result "1/2-1/2"]
[WhiteElo "2251"]
[BlackElo "2166"]

1.e4 d6 2.d4 Nf6 3.Nc3 e5 4.Nf3 Nbd7 5.Bc4 Be7 6.O-O O-O 7.a4 a6 8.a5 h6
9.Re1 exd4 10.Nxd4 Ne5 11.Bf1 c5 12.Nb3 Be6 13.f4 Nc6 14.Nd5 Re8 15.c4 Bf8
16.Bd2 Bxd5 17.cxd5 Nd4 18.Bd3 b5 19.Nxd4 cxd4 20.b4 g6 21.Bc1 Ra7 22.Bd2 Bg7
23.Qf3 Rae7 24.Rac1 Qd7 25.h3 h5 26.Re2 Rc8 27.Rce1 Rce8 28.Bc1 Qa7 29.Bb2 Nd7
30.Qf2 Rc8 31.Rd1 g5 32.fxg5 Ne5 33.Bxd4 Qxd4 34.Qxd4 Nf3+ 35.gxf3 Bxd4+
36.Kf1 Be5 37.Kf2 Bf4 38.Ra2 Rc3 39.Ke2 Rec7 40.Rg1 Rb3 41.Rb1 Rxb1 42.Bxb1 Bxg5
43.Rc2 Rxc2+ 44.Bxc2 Kf8 45.Bd3 Bc1 46.Bxb5 Ba3 47.Bxa6 Bxb4 48.Ke3 Bxa5
49.Kf4 f6 50.Kf5 Ke7 51.f4 h4 52.Bc8  1/2-1/2

[Event "Avoin SM 2013"]
[Site "Naantali FIN"]
[Date "2013.07.02"]
[Round "2.2"]
[White "Niemi,K"]
[Black "Haanpaa,J"]
[Result "1-0"]
[WhiteElo "2326"]
[BlackElo "1998"]

1.e4 d6 2.d4 Nf6 3.Nc3 c6 4.f4 Qa5 5.Bd3 e5 6.Nf3 Bg4 7.Be3 Nbd7 8.O-O Be7
9.h3 Bxf3 10.Qxf3 Qb4 11.a3 Qa5 12.Ne2 O-O 13.c3 Qc7 14.g4 Ne8 15.Ng3 g6
16.fxe5 dxe5 17.Bh6 Ng7 18.Bc4 Bh4 19.Bxf7+ Kh8 20.Ne2 Rae8 21.Qd3 Re7 22.Bc4 Rd8
23.Rf3 Ne6 24.Bxe6 Rxe6 25.Rf7 Qd6 26.Raf1 exd4 27.Qxd4+ Qxd4+ 28.Nxd4 Ree8
29.Ne6 Rxe6 30.Rxd7 Ree8 31.Rff7 Rxd7 32.Rxd7 Be7 33.Rxb7 Kg8 34.Kg2 Bc5
35.Rg7+ Kh8 36.Rc7  1-0

[Event "41st TCh-GRE"]
[Site "Rio (Achaia) GRE"]
[Date "2013.07.02"]
[Round "1.1"]
[White "Ganguly,S"]
[Black "Cherednichenko,S"]
[Result "1-0"]
[WhiteElo "2628"]
[BlackElo "2290"]

1.e4 d6 2.d4 Nf6 3.Nc3 e5 4.Nf3 Nbd7 5.Be2 Be7 6.g4 Nxg4 7.Rg1 h5 8.h3 exd4
9.Nxd4 Nge5 10.Nf5 g6 11.Nxe7 Qxe7 12.Nd5 Qd8 13.Bg5 f6 14.Be3 c6 15.Nf4 Nf8
16.Qd2 Be6 17.Nxe6 Nxe6 18.f4 Nf7 19.Rxg6 Qe7 20.Qc3 Nf8 21.Rxf6 Nd7 22.Rxf7 Kxf7
23.Bc4+ Kg6 24.O-O-O Nf6 25.Rg1+ Kh6 26.e5 Nd5 27.f5+ Kh7 28.f6 Rhg8 29.Qd3+  1-0